000 00424nam a2200157Ia 4500
005 20250405111441.0
008 231217s9999 xx 000 0 und d
020 _a9788131405079
082 _a339 BAN;1 R
100 _aBanerjee, Arindam.
245 0 _aIcfai university press on wealth management
260 _c2006
_bICFAI
_aHyderabad
300 _aviii, 190
650 _aIcfai,press,wealth,management
942 _cAA
999 _c191725
_d191725